| 000 | 00351nam a2200121Ia 4500 | ||
|---|---|---|---|
| 008 | 220217s9999||||xx |||||||||||||| ||und|| | ||
| 082 | _a894.814 03 PAR | ||
| 100 | _aPrashant Madtha | ||
| 245 | 0 | _aKannada padanidhi: artha, virudhartha pada | |
| 260 |
_asantha joseph sanje colleje _bBangalore _c2007 |
||
| 300 | _b700 | ||
| 650 |
_aDICTIONARY _9678 |
||
| 999 |
_c175788 _d175788 |
||